Geometric dimensioning and tolerancing for mechanical design / (Record no. 33590)

000 -LEADER
fixed length control field 03475cam a22003734a 4500
001 - CONTROL NUMBER
control field 16703410
003 - CONTROL NUMBER IDENTIFIER
control field OSt
005 - DATE AND TIME OF LATEST TRANSACTION
control field 20210928111950.0
008 - FIXED-LENGTH DATA ELEMENTS--GENERAL INFORMATION
fixed length control field 110323s2011 nyua 001 0 eng
010 ## - LIBRARY OF CONGRESS CONTROL NUMBER
LC control number 2011007082
020 ## - INTERNATIONAL STANDARD BOOK NUMBER
International Standard Book Number 9780071772129 (hardback : alk. paper)
038 ## - RECORD CONTENT LICENSOR
Staff Name khadija
040 ## - CATALOGING SOURCE
Original cataloging agency DLC
Transcribing agency DLC
Modifying agency DLC
042 ## - AUTHENTICATION CODE
Authentication code pcc
050 00 - LIBRARY OF CONGRESS CALL NUMBER
Classification number T357
Item number .C64 2011
082 00 - DEWEY DECIMAL CLASSIFICATION NUMBER
Classification number 620.0042
Edition number 22
Author Mark COG
084 ## - OTHER CLASSIFICATION NUMBER
Classification number TEC020000
Number source bisacsh
100 1# - MAIN ENTRY--PERSONAL NAME
Personal name Cogorno, Gene R.
9 (RLIN) 35968
245 10 - TITLE STATEMENT
Title Geometric dimensioning and tolerancing for mechanical design /
Statement of responsibility, etc. Gene R. Cogorno.
250 ## - EDITION STATEMENT
Edition statement 2nd ed.
260 ## - PUBLICATION, DISTRIBUTION, ETC.
Place of publication, distribution, etc. New York :
Name of publisher, distributor, etc. McGraw-Hill,
Date of publication, distribution, etc. c2011.
300 ## - PHYSICAL DESCRIPTION
Extent xi, 260 p. :
Other physical details ill. ;
Dimensions 25 cm.
505 8# - FORMATTED CONTENTS NOTE
Formatted contents note Machine generated contents note: Chapter 1. Introduction; Chapter 2. Dimensioning and Tolerancing Fundamentals; Chapter 3. Symbols, Terms, and Rules; Chapter 4. Datums; Chapter 5. Form; Chapter 6. Orientation; Chapter 7. Position, General; Chapter 8. Position, Location; Chapter 9. Position, Coaxiality; Chapter 10. Concentricity & Symmetry; Chapter 11. Runout; Chapter 12. Profile; Chapter 13. Graphic Analysis; Chapter 14. A Strategy for Tolerancing Parts; Appendix.
520 ## - SUMMARY, ETC.
Summary, etc. "An up-to-date guide to geometric dimensioning and tolerancing. Written in accordance with the latest revision of the geometric dimensioning and tolerancing (GD&T) standard, ASME Y14.5-2009, this book teaches the principles and practical applications of GD&T in an easy-to-understand manner. Geometric Dimensioning and Tolerancing for Mechanical Design, Second Edition, begins the discussion of each control with a definition, and then describes how the control is specified, interpreted, and inspected. Detailed drawings illustrate the topics discussed. Study questions and problems at the end of each chapter emphasize key concepts and serve as a self-test. Ensure the proper assembly of parts, improve quality, and reduce costs with help from this authoritative resource. Coverage includes: Dimensioning and tolerancing fundamentals Symbols, terms, and rules Datums Form--flatness, straightness, circularity, and cylindricity Orientation--perpendicularity, parallelism, and angularity Position--general, location, and coaxiality Concentricity and symmetry Runout Profile Graphic analysis Strategy for tolerancing parts"--
520 ## - SUMMARY, ETC.
Summary, etc. "Written in accordance with the latest revision of the geometric dimensioning and tolerancing (GD&T) standard, ASME Y14.5-2009, Geometric Dimensioning and Tolerancing for Mechanical Design, Second Edition, teaches the principles and practical applications of GD&T in an easy-to-understand manner. The book begins the discussion of each control with a definition, and then describes how the control is specified, interpreted, and inspected. Detailed drawings illustrate the topics discussed. Study questions and problems at the end of each chapter emphasize key concepts and serve as a self-test. This authoritative resources helps readers ensure the proper assembly of parts, improve quality, and reduce costs"--
563 ## - BINDING INFORMATION
Binding note hardcover
650 #0 - SUBJECT ADDED ENTRY--TOPICAL TERM
Topical term or geographic name entry element Engineering drawings
General subdivision Dimensioning.
9 (RLIN) 19112
650 #0 - SUBJECT ADDED ENTRY--TOPICAL TERM
Topical term or geographic name entry element Tolerance (Engineering)
9 (RLIN) 19113
650 #0 - SUBJECT ADDED ENTRY--TOPICAL TERM
Topical term or geographic name entry element Machine design.
9 (RLIN) 18984
650 #7 - SUBJECT ADDED ENTRY--TOPICAL TERM
Topical term or geographic name entry element TECHNOLOGY & ENGINEERING / Manufacturing
Source of heading or term bisacsh.
9 (RLIN) 82812
906 ## - LOCAL DATA ELEMENT F, LDF (RLIN)
a 7
b cbc
c orignew
d 1
e ecip
f 20
g y-gencatlg
942 ## - ADDED ENTRY ELEMENTS (KOHA)
Source of classification or shelving scheme
Koha item type Book
Holdings
Withdrawn status Lost status Source of classification or shelving scheme Damaged status Not for loan Permanent Location Current Location Shelving location Date acquired Full call number Barcode Date last seen Price effective from Koha item type Public note
          School of Mechanical & Manufacturing Engineering (SMME) School of Mechanical & Manufacturing Engineering (SMME) General Stacks 05/06/2016 620.0042 COG SMME-2709 04/05/2018 05/06/2016 Book Rack,41-Shelf,5
© 2023 Central Library, National University of Sciences and Technology. All Rights Reserved.